000
00338nam a2200133Ia 4500
008
240624s9999 xx 000 0 und d
041
_a
eng
082
_a
519.5 BES
100
_a
BEST HENNING
245
_a
SAGE HANDBOOK OF REGRESSION ANALYSIS AND
260
_c
2015
_a
New Delhi
_b
Sage
300
_a
ix, 414 p,: 23 cm.
365
_c
BPS
_b
38
999
_c
31247
_d
31247